Statystyki dla Tablica Mendelejewa

Kliknij tutaj aby rozwiązać quiz!

Ogólne statystyki

  • Ten quiz został rozwiązany 9 razy
  • Średni wynik to 6 z 118

Statystyki odpowiedzi

SymbolPierwiastek% Poprawnych
HWodór
100%
HeHel
86%
NAzot
29%
BeBeryl
29%
BBor
29%
OTlen
29%
CWęgiel
29%
AcAktyn
14%
ArArgon
14%
ClChlor
14%
CrChrom
14%
FFluor
14%
PFosfor
14%
AlGlin
14%
SiKrzem
14%
LaLantan
14%
LiLit
14%
MgMagnez
14%
MnMangan
14%
CuMiedź
14%
NeNeon
14%
KPotas
14%
SSiarka
14%
NaSód
14%
CaWapń
14%
FeŻelazo
14%
AmAmeryk
0%
SbAntymon
0%
AsArsen
0%
AtAstat
0%
BaBar
0%
BkBerkel
0%
BiBizmut
0%
BhBohr
0%
BrBrom
0%
CeCer
0%
CsCez
0%
SnCyna
0%
ZnCynk
0%
ZrCyrkon
0%
DsDarmsztadt
0%
DbDubn
0%
DyDysproz
0%
EsEinstein
0%
ErErb
0%
EuEurop
0%
FmFerm
0%
FlFlerow
0%
FrFrans
0%
GdGadolin
0%
GaGal
0%
GeGerman
0%
HfHafn
0%
HsHas
0%
HoHolm
0%
InInd
0%
IrIryd
0%
YbIterb
0%
YItr
0%
IJod
0%
CdKadm
0%
CfKaliforn
0%
CmKiur
0%
CoKobalt
0%
CnKopernik
0%
KrKrypton
0%
XeKsenon
0%
LvLiwermor
0%
LrLorens
0%
LuLutet
0%
MtMeitner
0%
MdMendelew
0%
MoMolibden
0%
McMoskow
0%
NdNeodym
0%
NpNeptun
0%
NhNihon
0%
NiNikiel
0%
NbNiob
0%
NoNobel
0%
OgOganeson
0%
PbOłów
0%
OsOsm
0%
PdPallad
0%
PtPlatyna
0%
PuPluton
0%
PoPolon
0%
PrPrazeodym
0%
PmPromet
0%
PaProtaktyn
0%
RaRad
0%
RnRadon
0%
ReRen
0%
RhRod
0%
RgRoentgen
0%
HgRtęć
0%
RbRubid
0%
RuRuten
0%
RfRutherford
0%
SmSamar
0%
SgSeaborg
0%
SeSelen
0%
ScSkand
0%
AgSrebro
0%
SrStront
0%
TlTal
0%
TaTantal
0%
TcTechnet
0%
TeTellur
0%
TsTenes
0%
TbTerb
0%
ThTor
0%
TmTul
0%
TiTytan
0%
UUran
0%
VWanad
0%
WWolfram
0%
AuZłoto
0%

Rozkład punktacji

Percentyl według liczby udzielonych odpowiedzi

Procent ludzi z każdym wynikiem

Twoja historia wyników

Nie rozwiązałeś tego quizu